000 00602cam a2200205 4500500
005 20260329005802.0
041 _afre
042 _adc
100 1 0 _aEnjalbert, Cédric
_eauthor
245 0 0 _aHistoires sonnantes et trébuchantes
260 _c2025.
500 _a15
690 _aArgent
690 _aCédric Enjalbert
690 _aDépense
690 _aHéritage
690 _aParents
786 0 _nPhilosophie magazine | 186 | 1-2 | 2025-02-01 | p. 31-33 | 1951-1787
856 4 1 _uhttps://shs.cairn.info/magazine-philosophie-magazine-2025-2-page-31?lang=fr&redirect-ssocas=7080
999 _c1846603
_d1846603